MDQL
is popping MORE tags! Check the
thread
!
Quizzes
Events
Quiz Creation
Community
Videos
Private Events
Remove Ads
Sign In
Join for FREE
Feedback
Dark Mode
Quiz Categories
Sports
Geography
Music
Movies
Television
Just For Fun
Miscellaneous
History
Literature
Language
Science
Gaming
Entertainment
Religion
Holiday
For Kids
Quiz Lab
Recent
Popular Today
Quiz Kudos Today
Editor Picks
Curator Picks
Quizzes by...
Day
Popularity
Type
Ratings
Length
Year
Community
Subscriptions
Recent Discussions
Orange Saloon
Badges
Playlists
Quests
Create
Leaderboards
Showdown
Live 5
Trivia Bingo
Activity
Puzzle Library
Sporcle Events
Private Events
Virtual Trivia
Globe League
Become a Host
Pub Owners
SporcleCon
Opinionation
Our Games
Videos
Blog
Mobile Apps
Partnerships
Remove Ads and Go Orange
Feedback
Sports
Athletes
MLB
NBA
NHL
NFL
Soccer
Sports Teams
WWE
NCAA
Football
Premier League
Basketball
Baseball
Hockey
Golf
Tennis
Cricket
Rugby
Auto Racing
Olympics
World Cup
Sports
Athletes
MLB
NBA
NHL
NFL
Soccer
Sports Teams
WWE
NCAA
Football
Premier League
Basketball
Baseball
Hockey
Golf
Tennis
Cricket
Rugby
Auto Racing
Olympics
World Cup
Random Quiz
Search Sporcle
×
Quiz Lab
Quiz Lab
Sports
team
Type in answers that appear in a list
Type in answers that appear in a list
Classic
Best Score? Go Orange.
Previous Team Names Stats
Can you name the Previous name and location of these teams?
By
devils3000
5m
25 Questions
134 Plays
134 Plays
134 Plays
Comments
Comments
Give Quiz Kudos
Give Quiz Kudos
-
- Ratings
hide this ad
Random Order
Randomize order of answers
Randomize order of answers
Replay
Link that replays current quiz
Next Quiz
Link to next quiz in quiz playlist
You Got
0%
They Got
Avg Score
43%
Avg Friend Score
Upgrade to see
Score Distribution
Jump to the score distribution portion of the page
Score
0/25
Timer
05:00
0
Plays Today
Current Name
Previous Name
% Correct
Washington Nationals
Montreal Expos
85.8%
Oklahoma City Thunder
Seattle Supersonics
85.1%
Tennessee Titans
Houston Oilers
82.8%
Carolina Hurricanes
Hartford Whalers
73.1%
Dallas Stars
Minnesota North Stars
73.1%
Washington Wizards
Washington Bullets or Baltimore Bullets
73.1%
Phoenix Coyotes
Winnipeg Jets
66.4%
Colorado Avalanche
Quebec Nordiques
64.2%
Texas Rangers
Washington Senators
60.4%
Minnesota Twins
Washington Senators
60.4%
New York Jets
New York Titans
51.5%
Houston Astros
Houston Colt 45's
50.7%
Milwaukee Brewers
Seattle Pilots
44.8%
Current Name
Previous Name
% Correct
New Jersey Devils
Colorado Rockies
43.3%
Baltimore Orioles
St. Louis Browns
41%
New York Yankees
New York Highlanders
41%
Philadelphia 76ers
Syracuse Nationals
25.4%
Toronto Maple Leafs
Toronto St. Patricks
15.7%
Cleveland Indians
Cleveland Naps
15.7%
Phildelphia Phillies
Philadelphia Blue Jays
11.2%
Detroit Red Wings
Detroit Falcons
9.7%
Chicago Cubs
Chicago Orphans
7.5%
San Antonio Spurs
Dallas Chaparrals
7.5%
St. Louis Cardinals
St. Louis Perfectos
2.2%
Pittsburgh Pirates
Pittsburgh Innocents
1.5%
Quiz Playlist
Details
Report
Send in Message
Add To Playlist
Classic:
Type in answers that appear in a list
Random Order:
Randomize order of answers
Last Updated: Feb 16, 2017
Quiz Scoreboard
CHALLENGE
Sign Up to Join the Scoreboard
Show All
Scores
Hide
Comments
May contain spoilers
Recently Published
Colored Red Africa Blitz
by spor1
Geography
30s
Find the 'City' Movie
by crazypaving
Movies
60s
5x2 Blitz: Bands
by SL_Kpop136
Music
30s
More to Explore
Quiz From the Vault
Featured Blog Post
14 Easter Pick-up Lines to Find Eggs With
hide this ad
You Might Also Like...
Tags
location
team
Today's Top Quizzes in Sports
Browse Sports
hide this ad
Today's Top Quizzes in team
Browse team
Top Contributed Quizzes in Sports
1
Les meilleurs buteurs des matchs entre le PSG et l’OM
2
Les entraîneurs de l'OM et du PSG au 21e siècle
3
Les joueurs passés par le PSG et l'OM
4
2022 World Cup Stars
5
Players with Multiple 50 Home Run Seasons
6
Criteria MLB: Left Handed Sluggers
7
MLB Players with Two .350 Batting Average Seasons
8
Les joueurs passés par le LOSC et le RC Lens
9
NBA Logic Puzzle 2.0
10
Top 10 NHL Goal Scorers of All Time
Explore More
Trending Topics
Anime
Kpop
Marvel
Crossword
NBA
Harry Potter
Disney
WWE
Soccer
Puzzle
NFL
The Office
Country
Song
Pokémon
hide this ad
More By:
devils3000
Quiz
Plays
Rating
Category
Featured
Created
All-Time NY Jets Coaches
297
4.50
Sports
Jan 11, 2011
Notable Binghamton Mets Alumni
148
4.50
Sports
Jan 13, 2011
Previous Team Names
134
3.67
Sports
Dec 23, 2009
Binghamton University Notable Alumni
69
5.00
Just For Fun
Jan 12, 2011
Brooklyn's Greatest Athletes
62
3.00
Sports
Jan 12, 2011
Go to Creator's Profile
Score Distribution
Quiz Creator Spotlight
devils3000
Follow
Send a Message
Quizzes Created
-
Created Quiz Play Count
-
More By This Creator
Popular Quizzes Today
1
Colored Red Africa Blitz
2
Find the US States - No Outlines Minefield
3
Find the 'City' Movie
4
5x2 Blitz: Bands
5
The Countries of the World
6
Find the US States
7
Find the Countries of Europe - No Outlines Minefield
8
US States
More Sports Quizzes
NHL Retired Jersey Numbers by Team
Curator's Pick
Trending Quizzes
Colored Red Europe Blitz I
Colored Red Europe Blitz II
Colored Red Africa Blitz II
Colored Red Europe Blitz III
Colored Red Africa Blitz III
Recently Updated
How Do You Spell That?
pecheneg
Godzilla Movies
pecheneg
Grab Bag: 4-10 Letters
pecheneg
2024 March Madness Bracket
pecheneg
Famous TV Couples
Peacemaker
Champions League XIs: Real Madrid
pecheneg
Largest US Cities 1790-2010
pecheneg
Rides in Walt Disney World
pecheneg
Most Oscar Losses (Acting)
pecheneg
Beyoncé Albums
pecheneg
Trending Topics
Kpop
Crossword
Harry Potter
Marvel
Anime
Disney
NBA
Soccer
Song
Pokémon
Country
Puzzle
The Office
WWE
NFL
Your Account Isn't Verified!
In order to create a playlist on Sporcle, you need to verify the email address you used during registration. Go to your
Sporcle Settings
to finish the process.
Report this User
Report this user for behavior that violates our
Community Guidelines
.
Details:
Send Report
Go to the Sporcle.com Mobile Site →
Comments